LEADER 01205nam a2200265 u 4500 001 000000078867 003 CaOOAMICUS 005 20070226123458.0 008 040518s1973 it u000 u ita u 035 $a10995632 040 $aPUL(R)$bita 100 1 $aAsciutto, Liborio.$0(OLS)http://pul/name/32424 245 10$aVolontà e corpo proprio nella fenomenologia di Paul Ricoeur /$cLibroio Asciutto. 260 $aFrancavilla al Mare :$bEdizioni Paoline,$c1973. 300 $a60 p. ;$c24 cm 500 $aEstratto della tesi di laurea dell'autore. 502 $aDiss. -- P. Univ. Lateranense. Accademia Alfonsiana. 504 $a"Bibliografia su Paul Ricoeur": p. 57-60. 600 14$aRicoeur, Paul,$d1913-2005$xFilosofia.$0(OLS)http://pul/subject/27436 650 4$aMente e corpo.$0(OLS)http://pul/subject/21508 850 $aPUL 852 $aPUL$W1$xDP1 Tesi Acc. Alfonsiana$y28$mTH AC.ALF 58$j101058$nBK-PRI$b $qTesi$B101058$CPULBib$Z2$F101058 $HPUL37536 $81 941 1 $a16 996 $6245$aVolontà e corpo proprio nella fenomenologia di Paul Ricoeur$9(OLS)http://pul/title/103248 996 $6260$aFrancavilla al Mare :$bEdizioni Paoline$9(OLS)http://pul/publisher/75512 LEADER 01064nam a2200277 a 4500 001 000000166929 003 CaOOAMICUS 005 20180409154855.0 008 180409s1949 it u000 u ita r 032 $aLibriCat 040 $aPUL$bita 041 1 $aita$hger 100 1 $aKant, Immanuel,$d1724-1804.$0(OLS)http://pul/name/8154 245 10$aCritica del giudizio /$cEmmanuele Kant ; tradotta da Alfredo Gargiulo. 250 $aTerza edizione. 260 $aBari :$bLaterza & figli,$c1949. 300 $a388 p. ;$c22 cm. 490 1 $aClassici della filosofia moderna ;$v03 700 1 $aGargiulo, Alfredo.$0(OLS)http://pul/name/87237 830 0$aClassici della filosofia moderna ;$v03.$0(OLS)http://pul/title/8124 850 $aPUL 852 $aPUL$W1$xDP1 Fondo Dalla Palma$y117$m2 A 49$j155971$qFondi$B194457$CPULBib$Z2$F194457 $HDal2649 $81 941 1 $a1 996 $6245$aCritica del giudizio$9(OLS)http://pul/title/11896 996 $6260$aBari :$bLaterza & figli$9(OLS)http://pul/publisher/68232